[Event "Skopje MKD"]
[Site "Skopje MKD"]
[Date "2014.03.29"]
[Round "1.1"]
[White "Makoli, Perparim"]
[Black "Berkes, Ferenc"]
[Result "1/2-1/2"]
[WhiteElo "2242"]
[BlackElo "2687"]
[PlyCount "120"]
[EventDate "2014.03.29"]
[EventType "swiss"]
[EventRounds "9"]

1. e4 c6 2. d4 d5 3. Nc3 dxe4 4. Nxe4 Bf5 5. Ng3 Bg6 6. Nf3 e6 7. h4 h6 8. Ne5
Bh7 9. Bd3 Bxd3 10. Qxd3 Nd7 11. f4 Bb4+ 12. c3 Bd6 13. Ne4 Bc7 14. Qg3 Ngf6
15. Qxg7 Rh7 16. Nxf6+ Nxf6 17. Qg3 Qd5 18. Qf3 Ke7 19. Qxd5 exd5 20. g4 Rg8
21. Rg1 Bxe5 22. fxe5 Nxg4 23. Ke2 f6 24. exf6+ Kxf6 25. Be3 Ke6 26. Raf1 a5
27. Rf3 a4 28. Kd3 Rhg7 29. Re1 Kd7 30. Bd2 Re7 31. b3 Rxe1 32. Bxe1 Ke6 33.
Bd2 b5 34. Rf1 axb3 35. axb3 Rg6 36. c4 Nf6 37. Rf3 h5 38. cxb5 cxb5 39. Bg5
Ne4 40. Rf8 Nxg5 41. hxg5 Rxg5 42. Kc3 h4 43. Rh8 Rg4 44. Rh5 Rf4 45. Re5+ Kd6
46. Rh5 b4+ 47. Kxb4 Rxd4+ 48. Kb5 Rg4 49. b4 Rf4 50. Ka4 Rg4 51. Kb5 Re4 52.
Ka4 Rf4 53. Kb5 Ke6 54. Kc5 Rc4+ 55. Kb5 Kf6 56. Rxd5 Re4 57. Rd8 Re5+ 58. Kc6
Re6+ 59. Kc5 Re5+ 60. Kc6 Re6+ 1/2-1/2

[Event "Skopje MKD"]
[Site "Skopje MKD"]
[Date "2014.03.29"]
[Round "1.3"]
[White "Jefic, Srdjan"]
[Black "Iturrizaga Bonelli, Eduardo"]
[Result "0-1"]
[WhiteElo "2214"]
[BlackElo "2645"]
[PlyCount "88"]
[EventDate "2014.03.29"]
[EventType "swiss"]
[EventRounds "9"]

1. e4 c5 2. Nf3 e6 3. d4 cxd4 4. Nxd4 Nc6 5. Nc3 Qc7 6. Be3 Nf6 7. a3 Be7 8.
Be2 O-O 9. O-O d6 10. f4 Bd7 11. Kh1 Rac8 12. Bf3 a6 13. Qe1 Na5 14. Rd1 Nc4
15. Bc1 e5 16. Nde2 b5 17. f5 a5 18. Nd5 Nxd5 19. Rxd5 Nb6 20. Rd1 Qxc2 21.
Qxa5 Na4 22. Qd2 Qxd2 23. Rxd2 Rc6 24. b3 Nc5 25. Rb2 Ra8 26. b4 Na4 27. Rb3
Rc2 28. Be3 Rac8 29. Rc1 Rxc1+ 30. Bxc1 d5 31. Rb1 d4 32. Ng3 Kf8 33. Kg1 Bh4
34. Nf1 Be1 35. Bd2 Bxd2 36. Nxd2 g6 37. g4 Rc3 38. Rb3 Rc2 39. Nf1 Nc3 40. Ng3
f6 41. h4 Be8 42. a4 bxa4 43. Ra3 Ra2 44. Rxa2 Nxa2 0-1

[Event "Skopje MKD"]
[Site "Skopje MKD"]
[Date "2014.03.29"]
[Round "1.5"]
[White "Dragnev, Valentin"]
[Black "Delchev, Aleksander"]
[Result "0-1"]
[WhiteElo "2205"]
[BlackElo "2638"]
[PlyCount "82"]
[EventDate "2014.03.29"]
[EventType "swiss"]
[EventRounds "9"]

1. e4 c5 2. Nf3 e6 3. c4 Nc6 4. Nc3 Nf6 5. Be2 b6 6. O-O Bb7 7. d4 cxd4 8. Nxd4
Nxd4 9. Qxd4 Bc5 10. Qd3 Qb8 11. Kh1 h5 12. f3 h4 13. Rd1 Nh5 14. Be3 Bc6 15.
Nb5 Qe5 16. Bxc5 bxc5 17. Kg1 Nf4 18. Qd2 a6 19. Qd6 Qxd6 20. Nxd6+ Ke7 21. Bf1
Rab8 22. Rd2 f6 23. Re1 g5 24. e5 f5 25. Re3 Ng6 26. Ra3 Nxe5 27. Rxa6 Ra8 28.
Rxa8 Rxa8 29. b3 Bxf3 30. Nb5 Bc6 31. Nc3 g4 32. a4 h3 33. Ra2 hxg2 34. Bxg2
Bxg2 35. Kxg2 Nc6 36. h3 gxh3+ 37. Kxh3 Na5 38. Rb2 Rg8 39. Kh2 Rg4 40. Rb1 Rd4
41. Kg3 Rd3+ 0-1

[Event "Skopje MKD"]
[Site "Skopje MKD"]
[Date "2014.03.29"]
[Round "1.6"]
[White "Romanov, Evgeny"]
[Black "Tscharotschkin, Michael"]
[Result "1-0"]
[WhiteElo "2636"]
[BlackElo "2203"]
[PlyCount "73"]
[EventDate "2014.03.29"]
[EventType "swiss"]
[EventRounds "9"]

1. c4 c6 2. d4 d5 3. cxd5 cxd5 4. Bf4 e6 5. Nc3 Bd6 6. Bxd6 Qxd6 7. e3 Nc6 8.
Qg4 Kf8 9. Bb5 Nf6 10. Qh4 Ne7 11. Bd3 Bd7 12. Rc1 b5 13. Nf3 b4 14. Ne2 Nc6
15. O-O h6 16. Ne5 Nxe5 17. dxe5 Qxe5 18. Qxb4+ Kg8 19. Nd4 g6 20. Nf3 Qb8 21.
Qd4 Qd8 22. Ne5 Qe7 23. Rc7 Kh7 24. Nc6 e5 25. Nxe5 Rhc8 26. Nxd7 Nxd7 27. Rxc8
Rxc8 28. Qxa7 Qd6 29. Rd1 Ne5 30. Qd4 Qe6 31. h3 h5 32. Bf1 Rc2 33. Qxd5 Qf6
34. Rd2 Rc1 35. b3 g5 36. Rd1 Rc8 37. Qd6 1-0

[Event "Skopje MKD"]
[Site "Skopje MKD"]
[Date "2014.03.29"]
[Round "1.7"]
[White "Ilic, Ljubomir"]
[Black "Ivanisevic, Ivan"]
[Result "0-1"]
[WhiteElo "2195"]
[BlackElo "2633"]
[PlyCount "52"]
[EventDate "2014.03.29"]
[EventType "swiss"]
[EventRounds "9"]

1. e4 c5 2. Nc3 e6 3. Nf3 Nc6 4. g3 Nf6 5. Bg2 d5 6. exd5 exd5 7. O-O d4 8.
Re1+ Be7 9. Ne4 Nxe4 10. Rxe4 Bf5 11. Re1 d3 12. c3 Qd6 13. b4 cxb4 14. cxb4
O-O 15. b5 Na5 16. Bb2 Nc4 17. Bc3 Bf6 18. Rc1 Na3 19. Be5 Bxe5 20. Rxe5 Be6
21. Rec5 Nc2 22. Rc3 Bg4 23. h3 Bh5 24. Qf1 Rad8 25. Kh2 Rfe8 26. Ng1 Be2 0-1

[Event "Skopje MKD"]
[Site "Skopje MKD"]
[Date "2014.03.29"]
[Round "1.8"]
[White "Georgiev, Kiril"]
[Black "Zugaj, Fjodor"]
[Result "1/2-1/2"]
[WhiteElo "2625"]
[BlackElo "2194"]
[PlyCount "90"]
[EventDate "2014.03.29"]
[EventType "swiss"]
[EventRounds "9"]

1. b3 d5 2. Bb2 Nf6 3. Nf3 Bf5 4. c4 e6 5. Nh4 Bxb1 6. Rxb1 c6 7. g3 Nbd7 8.
Bg2 Qa5 9. a3 b5 10. b4 Qd8 11. c5 g6 12. e4 Bg7 13. e5 Ng8 14. d4 a5 15. a4
axb4 16. axb5 cxb5 17. Bf1 Rb8 18. Rc1 Qc7 19. c6 Nb6 20. Bxb5 Ne7 21. O-O O-O
22. Qb3 Rfc8 23. Rc5 Nc4 24. Rc1 Rxb5 25. Rxb5 Nxc6 26. Nf3 Bf8 27. Rxc4 dxc4
28. Qxc4 Nxe5 29. Nxe5 Qxc4 30. Nxc4 Rxc4 31. d5 exd5 32. Rxd5 Rc8 33. Rb5 Bd6
34. Rb7 Kf8 35. Kg2 Be7 36. Kf3 f6 37. Bd4 Kf7 38. Ke4 Ke6 39. Rb6+ Kf7 40. Rb7
Rc6 41. Kd5 Rc8 42. Ke4 Ke6 43. Rb6+ Kf7 44. Rb7 Rc6 45. Kd5 Rc8 1/2-1/2

[Event "Skopje MKD"]
[Site "Skopje MKD"]
[Date "2014.03.29"]
[Round "1.9"]
[White "Megalios, Konstantinos"]
[Black "Rozentalis, Eduardas"]
[Result "0-1"]
[WhiteElo "2192"]
[BlackElo "2623"]
[PlyCount "80"]
[EventDate "2014.03.29"]
[EventType "swiss"]
[EventRounds "9"]

1. d4 Nf6 2. c4 e6 3. Nc3 Bb4 4. a3 Bxc3+ 5. bxc3 d5 6. e3 O-O 7. cxd5 exd5 8.
Bd3 Bg4 9. Ne2 Bh5 10. O-O Bg6 11. c4 c5 12. Bxg6 hxg6 13. cxd5 Qxd5 14. dxc5
Qxc5 15. Bb2 Nbd7 16. Qb3 b6 17. a4 Rfc8 18. Rfc1 Qg5 19. Qb5 Qh4 20. Ng3 Nc5
21. Bxf6 Qxf6 22. a5 bxa5 23. Rxa5 Ne4 24. Rf1 Nc3 25. Qa6 Qd8 26. h3 Qd2 27.
Rfa1 Rc7 28. Qf1 Rb8 29. Qe1 Qd3 30. Qf1 Qc2 31. Qc1 Qd3 32. Qf1 Qd7 33. Ne2
Ne4 34. Nd4 Rb2 35. R5a2 Rb4 36. Qd3 Qd5 37. Ra5 Qa8 38. Qa3 Qb8 39. Qd3 Nc3
40. Rc1 Rxd4 0-1

[Event "Skopje MKD"]
[Site "Skopje MKD"]
[Date "2014.03.29"]
[Round "1.10"]
[White "Tkachiev, Vladislav"]
[Black "Ketzetzis, Georgios"]
[Result "1-0"]
[WhiteElo "2623"]
[BlackElo "2183"]
[PlyCount "53"]
[EventDate "2014.03.29"]
[EventType "swiss"]
[EventRounds "9"]

1. c4 c6 2. Nf3 d5 3. g3 Nf6 4. Bg2 e6 5. O-O dxc4 6. a4 Qa5 7. Qc2 e5 8. Qxc4
Bd6 9. d3 Be6 10. Qc2 Na6 11. Na3 Nb4 12. Qd1 Rd8 13. Bd2 Qc7 14. Nxe5 Bxe5 15.
Bxb4 Bxb2 16. Rb1 Be5 17. Qc2 Bd6 18. Bxd6 Qxd6 19. Nc4 Qc7 20. Qb3 Rb8 21. Qa3
c5 22. Bxb7 Bxc4 23. Bc6+ Ke7 24. Qxc5+ Qd6 25. Qxa7+ Nd7 26. Bxd7 Qxd7 27.
Qc5+ 1-0

[Event "Skopje MKD"]
[Site "Skopje MKD"]
[Date "2014.03.29"]
[Round "1.11"]
[White "Peczely, Sebastian Zsombor"]
[Black "Peralta, Fernando"]
[Result "1-0"]
[WhiteElo "2182"]
[BlackElo "2613"]
[PlyCount "69"]
[EventDate "2014.03.29"]
[EventType "swiss"]
[EventRounds "9"]

1. e4 d6 2. d4 Nf6 3. Nc3 g6 4. f3 c6 5. Be3 Qb6 6. b3 Bg7 7. Qd2 h5 8. Bc4 Qc7
9. a4 Nbd7 10. a5 e5 11. d5 O-O 12. dxc6 bxc6 13. Nge2 Rd8 14. O-O Nf8 15. b4
d5 16. exd5 cxd5 17. Bxd5 Bb7 18. Bxb7 Rxd2 19. Bxa8 Rxc2 20. b5 N8d7 21. b6
Qc8 22. b7 Qc4 23. Bxa7 Qa6 24. Bf2 Bf8 25. Rfd1 Kg7 26. f4 Bd6 27. Rxd6 Qxd6
28. fxe5 Qxe5 29. Bd4 Qd6 30. a6 Kh7 31. h3 Rd2 32. Bf2 Qe5 33. Rb1 Qf5 34. Rb5
Qd3 35. a7 1-0

[Event "Skopje MKD"]
[Site "Skopje MKD"]
[Date "2014.03.29"]
[Round "1.13"]
[White "Halmeenmaki, Tuomo"]
[Black "Predojevic, Borki"]
[Result "0-1"]
[WhiteElo "2177"]
[BlackElo "2607"]
[PlyCount "84"]
[EventDate "2014.03.29"]
[EventType "swiss"]
[EventRounds "9"]

1. Nf3 Nf6 2. g3 b6 3. Bg2 Bb7 4. O-O g6 5. d3 Bg7 6. e4 c5 7. c3 O-O 8. Nbd2
Nc6 9. Re1 Rc8 10. a3 d6 11. d4 Nd7 12. Nb3 c4 13. Nbd2 Na5 14. Bh3 Rc7 15. Nh4
e5 16. Ndf3 h6 17. Rb1 Nb3 18. Qc2 Qa8 19. Nd2 Nxc1 20. Rbxc1 b5 21. Bxd7 Rxd7
22. d5 Qb8 23. Nf1 Bc8 24. Ne3 Rc7 25. Qe2 Re8 26. Rcd1 Bd7 27. Qf3 Qd8 28.
Nhg2 h5 29. h4 Bh6 30. Kh2 a6 31. Qe2 Rf8 32. Kg1 Qe8 33. g4 hxg4 34. Nxg4 Bg7
35. h5 f5 36. h6 fxg4 37. hxg7 Kxg7 38. Qe3 Rc5 39. Rd2 Qe7 40. Qg3 Rf3 41. Qh4
g5 42. Qh5 Rh3 0-1

[Event "Skopje MKD"]
[Site "Skopje MKD"]
[Date "2014.03.29"]
[Round "1.14"]
[White "Salgado Lopez, Ivan"]
[Black "Thiel, Kuno"]
[Result "1-0"]
[WhiteElo "2605"]
[BlackElo "2168"]
[PlyCount "53"]
[EventDate "2014.03.29"]
[EventType "swiss"]
[EventRounds "9"]

1. e4 e6 2. d4 d5 3. Nd2 Nf6 4. e5 Nfd7 5. Bd3 c5 6. c3 Nc6 7. Ne2 a6 8. O-O b5
9. Nf3 Qb6 10. Be3 Bb7 11. Nf4 Be7 12. Qd2 cxd4 13. cxd4 Nb4 14. Bb1 a5 15. Rc1
O-O 16. Nh5 Rfc8 17. Rc3 g6 18. Bg5 Qd8 19. Qf4 Rc4 20. Bxe7 Qxe7 21. Nf6+ Nxf6
22. exf6 Qf8 23. Ne5 Rd8 24. Bxg6 fxg6 25. f7+ Kg7 26. Rf3 Rc2 27. Qf6+ 1-0

[Event "Skopje MKD"]
[Site "Skopje MKD"]
[Date "2014.03.29"]
[Round "1.15"]
[White "Brzezinski, Adam"]
[Black "Vovk, Andrey"]
[Result "0-1"]
[WhiteElo "2165"]
[BlackElo "2605"]
[PlyCount "72"]
[EventDate "2014.03.29"]
[EventType "swiss"]
[EventRounds "9"]

1. Nf3 Nf6 2. c4 g6 3. d4 Bg7 4. Nc3 O-O 5. e4 d6 6. Be2 Nfd7 7. O-O e5 8. Be3
Nc6 9. d5 Ne7 10. Ne1 f5 11. f3 f4 12. Bf2 g5 13. Rc1 Ng6 14. Nb5 Nf6 15. c5 a6
16. cxd6 axb5 17. dxc7 Qe8 18. Qb3 Bd7 19. Nd3 g4 20. Nc5 g3 21. hxg3 fxg3 22.
Bxg3 Nh5 23. Nxd7 Qxd7 24. Bxb5 Qd6 25. Bf2 Ngf4 26. Rfd1 Qg6 27. d6+ Kh8 28.
g4 Nh3+ 29. Kf1 Nxf2 30. gxh5 Qg3 31. c8=Q Nxd1 32. Qcc2 Rxf3+ 33. Qxf3 Qxf3+
34. Ke1 Bh6 35. Rxd1 Rf8 36. Qh2 Qxe4+ 0-1

[Event "Skopje MKD"]
[Site "Skopje MKD"]
[Date "2014.03.29"]
[Round "1.17"]
[White "Kralevski, Aleksander"]
[Black "Grandelius, Nils"]
[Result "0-1"]
[WhiteElo "2162"]
[BlackElo "2600"]
[PlyCount "101"]
[EventDate "2014.03.29"]
[EventType "swiss"]
[EventRounds "9"]

1. e4 c5 2. c3 Nf6 3. e5 Nd5 4. d4 cxd4 5. Nf3 Nc6 6. Bc4 Nb6 7. Bb3 d5 8. exd6
Qxd6 9. O-O Be6 10. Bxe6 Qxe6 11. Nxd4 Nxd4 12. Qxd4 Rd8 13. Qh4 Qe2 14. Nd2 e6
15. Qg3 f6 16. Qf3 Qxf3 17. Nxf3 Bc5 18. Re1 Kf7 19. Be3 Bxe3 20. Rxe3 Rd7 21.
Rae1 e5 22. b3 Nd5 23. Rd3 Rhd8 24. a4 Nc7 25. Rxd7+ Rxd7 26. c4 Na6 27. Kf1
Nc5 28. Rb1 e4 29. Ne1 f5 30. Ke2 f4 31. a5 Kf6 32. b4 Ne6 33. c5 Nd4+ 34. Kf1
Nc6 35. Ke2 Nd4+ 36. Kf1 a6 37. Rd1 Ke6 38. Rc1 g5 39. Rc3 Nc6 40. Rb3 Kd5 41.
Rb1 Kc4 42. Nc2 Kc3 43. Na3 Nxb4 44. Re1 Rd4 45. Rb1 g4 46. h3 gxh3 47. gxh3
Rd2 48. Re1 Kd4 49. Nb1 Rb2 50. Rd1+ Nd3 51. Nd2 0-1

[Event "Skopje MKD"]
[Site "Skopje MKD"]
[Date "2014.03.29"]
[Round "1.18"]
[White "Fier, Alexandr Hilario T"]
[Black "Krstev, Emil"]
[Result "1-0"]
[WhiteElo "2595"]
[BlackElo "2156"]
[PlyCount "53"]
[EventDate "2014.03.29"]
[EventType "swiss"]
[EventRounds "9"]

1. d4 e6 2. e4 d5 3. Nd2 Nf6 4. e5 Ne4 5. Nxe4 dxe4 6. Bc4 a6 7. Ne2 b5 8. Bb3
c5 9. c3 Bb7 10. O-O Nc6 11. Be3 Be7 12. Ng3 cxd4 13. cxd4 Nb4 14. Qg4 Kf8 15.
Nh5 Rg8 16. Nxg7 Bf6 17. exf6 Qxf6 18. Nh5 Qd8 19. Bh6+ Ke7 20. Bg5+ Kf8 21.
Bh6+ Ke7 22. Qh4+ Kd6 23. Qf4+ Kc6 24. d5+ Nxd5 25. Bxd5+ Qxd5 26. Rfc1+ Kb6
27. Qc7+ 1-0

[Event "Skopje MKD"]
[Site "Skopje MKD"]
[Date "2014.03.29"]
[Round "1.19"]
[White "Demircioglu, Emre"]
[Black "Nevednichy, Vladislav"]
[Result "1/2-1/2"]
[WhiteElo "2152"]
[BlackElo "2591"]
[PlyCount "88"]
[EventDate "2014.03.29"]
[EventType "swiss"]
[EventRounds "9"]

1. d4 Nf6 2. c4 d6 3. Nf3 g6 4. g3 Bg7 5. Bg2 O-O 6. O-O c6 7. Nc3 Qa5 8. Qd2
Qa6 9. b3 b5 10. cxb5 cxb5 11. b4 Bb7 12. Bb2 Nd5 13. Nxd5 Bxd5 14. Rfe1 Nd7
15. e4 Bb7 16. d5 Nf6 17. Nd4 Qb6 18. Nb3 Ng4 19. Bxg7 Kxg7 20. Qd4+ Qxd4 21.
Nxd4 Rfc8 22. Rec1 a5 23. Bh3 h5 24. f3 Rxc1+ 25. Rxc1 Ne5 26. Rc7 axb4 27.
Rxb7 Rxa2 28. Rxb5 Rd2 29. f4 Rxd4 30. fxe5 dxe5 31. Rb7 Rxe4 32. Rxe7 Kf6 33.
Rb7 Rd4 34. Bg2 e4 35. Kf1 h4 36. gxh4 Rc4 37. Ke1 Ke5 38. Rxf7 Kxd5 39. Rd7+
Ke5 40. Rb7 Kf4 41. Kd2 Rd4+ 42. Ke2 Rc4 43. Kd2 Rd4+ 44. Ke2 Rc4 1/2-1/2

[Event "Skopje MKD"]
[Site "Skopje MKD"]
[Date "2014.03.29"]
[Round "1.20"]
[White "Roiz, Michael"]
[Black "Pastar, Slaven"]
[Result "1-0"]
[WhiteElo "2591"]
[BlackElo "2152"]
[PlyCount "64"]
[EventDate "2014.03.29"]
[EventType "swiss"]
[EventRounds "9"]

1. Nf3 d5 2. g3 Nf6 3. Bg2 g6 4. c4 c6 5. b3 Bg7 6. Bb2 dxc4 7. bxc4 Qb6 8. Qb3
Na6 9. O-O O-O 10. d3 Nc5 11. Qa3 Ncd7 12. Nbd2 Re8 13. Rab1 Qc7 14. d4 a5 15.
Ba1 b6 16. e4 Ba6 17. h3 Nb8 18. Rfc1 Nfd7 19. e5 Ra7 20. Qe3 Nf8 21. d5 Nbd7
22. h4 f6 23. exf6 Nxf6 24. dxc6 Qxc6 25. Rxb6 Qd7 26. Ne5 Qc8 27. c5 Rd8 28.
Nc6 Rd3 29. Qe1 Bh6 30. f4 Bxf4 31. gxf4 Qf5 32. Be5 Qh5 1-0

[Event "Skopje MKD"]
[Site "Skopje MKD"]
[Date "2014.03.29"]
[Round "1.21"]
[White "Petkovski, Vlatko"]
[Black "Kozul, Zdenko"]
[Result "0-1"]
[WhiteElo "2147"]
[BlackElo "2586"]
[PlyCount "100"]
[EventDate "2014.03.29"]
[EventType "swiss"]
[EventRounds "9"]

1. e4 c5 2. Nf3 d6 3. c3 Nf6 4. h3 e6 5. Bd3 Be7 6. Bc2 O-O 7. d4 cxd4 8. cxd4
b5 9. O-O Bb7 10. Re1 Nc6 11. Nc3 b4 12. Ne2 Rc8 13. Ng3 Qc7 14. Bg5 Rfd8 15.
Rc1 Qa5 16. Bb1 g6 17. Qd2 Rd7 18. Qf4 Qd8 19. Qh4 e5 20. d5 Nb8 21. Rxc8 Bxc8
22. Rc1 Ba6 23. Nf1 Be2 24. N1d2 a5 25. Kh2 Bb5 26. Qh6 Rc7 27. Rxc7 Qxc7 28.
Bxf6 Bxf6 29. Ng5 Bxg5 30. Qxg5 Kg7 31. Nf3 h6 32. Qd2 Nd7 33. Bc2 Qc4 34. b3
Qc5 35. g4 Qc7 36. Kg3 Nc5 37. h4 Ba6 38. Ne1 Qd7 39. Ng2 Qe7 40. Ne3 Qf6 41.
Nd1 g5 42. hxg5 hxg5 43. f3 Qf4+ 44. Qxf4 exf4+ 45. Kg2 Kf6 46. Nb2 Ke5 47. Kf2
Kd4 48. Nc4 Bxc4 49. bxc4 Kxc4 50. Bb1 f6 0-1

[Event "Skopje MKD"]
[Site "Skopje MKD"]
[Date "2014.03.29"]
[Round "1.22"]
[White "Jumabayev, Rinat"]
[Black "Kacakovski, Dimitar"]
[Result "1-0"]
[WhiteElo "2580"]
[BlackElo "2143"]
[PlyCount "73"]
[EventDate "2014.03.29"]
[EventType "swiss"]
[EventRounds "9"]

1. Nf3 d5 2. g3 c5 3. Bg2 Nf6 4. O-O Nc6 5. d4 cxd4 6. Nxd4 e5 7. Nxc6 bxc6 8.
c4 Be6 9. Qa4 Qd7 10. Nc3 Rc8 11. cxd5 cxd5 12. Qxd7+ Kxd7 13. Rd1 Bc5 14. Nxd5
Bxd5 15. Bxd5 Nxd5 16. Rxd5+ Ke6 17. Rd2 Rhd8 18. Kf1 Rxd2 19. Bxd2 Bd4 20. Rc1
Rd8 21. Rc2 Kf5 22. b4 Rd7 23. a4 e4 24. b5 g5 25. Kg2 h5 26. Be3 Bxe3 27. fxe3
g4 28. Rc5+ Kg6 29. Kf2 f5 30. Ke1 Kg5 31. a5 Kf6 32. b6 axb6 33. axb6 Rb7 34.
Rb5 Ke6 35. Kd2 Kd6 36. Kc3 Kc6 37. Kc4 1-0

[Event "Skopje MKD"]
[Site "Skopje MKD"]
[Date "2014.03.29"]
[Round "1.23"]
[White "Gjorshev, Ljupcho"]
[Black "Bachmann, Axel"]
[Result "0-1"]
[WhiteElo "2125"]
[BlackElo "2575"]
[PlyCount "68"]
[EventDate "2014.03.29"]
[EventType "swiss"]
[EventRounds "9"]

1. e4 e5 2. Bc4 Nf6 3. Nc3 Bc5 4. d3 c6 5. Qf3 d6 6. h3 Be6 7. Nge2 Nbd7 8. O-O
Qe7 9. Bb3 h6 10. Ng3 O-O-O 11. Bd2 g5 12. Nf5 Bxf5 13. Qxf5 g4 14. Na4 Kb8 15.
Nxc5 Nxc5 16. f4 gxh3 17. Qxh3 Nfd7 18. Rae1 f6 19. Be3 h5 20. Rf2 h4 21. Ref1
Nxb3 22. axb3 Rdg8 23. Rf3 Rg6 24. Kf2 Qg7 25. Rg1 Rg4 26. Kf1 Rg8 27. Bd2 d5
28. b4 Qg6 29. exd5 cxd5 30. Rf2 e4 31. f5 Qh5 32. dxe4 Rg3 33. Qh2 Qd1+ 34.
Be1 R8g4 0-1

[Event "Skopje MKD"]
[Site "Skopje MKD"]
[Date "2014.03.29"]
[Round "1.24"]
[White "Bok, Benjamin"]
[Black "Alishani, Ibrahim"]
[Result "1-0"]
[WhiteElo "2575"]
[BlackElo "2110"]
[PlyCount "54"]
[EventDate "2014.03.29"]
[EventType "swiss"]
[EventRounds "9"]

1. e4 c5 2. Nf3 d6 3. d4 cxd4 4. Nxd4 a6 5. c4 Nf6 6. Nc3 g6 7. Be2 Bg7 8. O-O
O-O 9. Be3 Nc6 10. f3 Bd7 11. Qd2 Rc8 12. Rfc1 Ne5 13. b3 Bc6 14. Rab1 Qc7 15.
Nxc6 Qxc6 16. Bf1 Qd7 17. Qf2 Nh5 18. Nd5 Rc6 19. h3 f5 20. f4 e6 21. fxe5 fxe4
22. Nf6+ Nxf6 23. exf6 Bxf6 24. Rd1 b5 25. Qc2 b4 26. Qxe4 Re8 27. Bd4 d5 1-0

[Event "Skopje MKD"]
[Site "Skopje MKD"]
[Date "2014.03.29"]
[Round "1.26"]
[White "Grigoriants, Sergey"]
[Black "Stosevski, Ilja"]
[Result "1-0"]
[WhiteElo "2574"]
[BlackElo "2108"]
[PlyCount "75"]
[EventDate "2014.03.29"]
[EventType "swiss"]
[EventRounds "9"]

1. e4 g6 2. d4 Bg7 3. Nf3 d6 4. Bc4 Nf6 5. Qe2 c6 6. Bb3 a5 7. c3 a4 8. Bc2 O-O
9. O-O Qa5 10. Nbd2 Qh5 11. Re1 h6 12. h3 Bxh3 13. gxh3 Qxh3 14. Qf1 Qh5 15.
Qg2 e5 16. dxe5 dxe5 17. Nc4 Nbd7 18. Bd1 Ng4 19. Ng5 f5 20. Ne6 Rf7 21. Nd6
Re7 22. exf5 gxf5 23. Nf4 exf4 24. Rxe7 f3 25. Bxf3 Nde5 26. Rxe5 Bxe5 27. Nxf5
Qxf5 28. Qxg4+ Qxg4+ 29. Bxg4 a3 30. bxa3 Bxc3 31. Rb1 b5 32. Bf3 Ra6 33. Bxh6
Rxa3 34. Bxc6 Kh7 35. Be3 Rxa2 36. Bxb5 Ra5 37. Bc4 Kg6 38. Bf4 1-0

[Event "Skopje MKD"]
[Site "Skopje MKD"]
[Date "2014.03.29"]
[Round "1.27"]
[White "Kollari, Suleyman"]
[Black "Golod, Vitali"]
[Result "0-1"]
[WhiteElo "2104"]
[BlackElo "2573"]
[PlyCount "56"]
[EventDate "2014.03.29"]
[EventType "swiss"]
[EventRounds "9"]

1. e4 c5 2. Nf3 Nc6 3. d4 cxd4 4. Nxd4 Qb6 5. Nb3 Nf6 6. Nc3 e6 7. Be3 Qc7 8.
a3 a6 9. Be2 b5 10. O-O Be7 11. f4 O-O 12. e5 Ne8 13. Ne4 d6 14. exd6 Nxd6 15.
Nxd6 Bxd6 16. Bd3 Ne7 17. Be4 Nf5 18. Bd2 Bb7 19. Bxb7 Qxb7 20. Qf3 Qc7 21. Bc3
a5 22. g4 Ne7 23. Rf2 Nd5 24. f5 Nxc3 25. Qxc3 a4 26. Qxc7 Bxc7 27. Nd4 Bb6 28.
Nxb5 Rab8 0-1

[Event "Skopje MKD"]
[Site "Skopje MKD"]
[Date "2014.03.29"]
[Round "1.28"]
[White "Parligras, Mircea Emilian"]
[Black "Saracy, Nderim"]
[Result "1-0"]
[WhiteElo "2572"]
[BlackElo "2090"]
[PlyCount "105"]
[EventDate "2014.03.29"]
[EventType "swiss"]
[EventRounds "9"]

1. d4 d5 2. c4 c6 3. Nf3 Nf6 4. e3 a6 5. Bd3 g6 6. O-O Bg7 7. Nbd2 O-O 8. Qc2
Nbd7 9. h3 Re8 10. b3 b6 11. Bb2 Bb7 12. Rad1 Rc8 13. e4 dxe4 14. Nxe4 Nxe4 15.
Bxe4 Qc7 16. Rfe1 e5 17. dxe5 Nxe5 18. c5 bxc5 19. Nxe5 Bxe5 20. Ba3 Bd4 21.
Bxc5 Bxc5 22. Qxc5 Re5 23. Qc3 c5 24. Qxe5 Qxe5 25. Bxb7 Qc7 26. Bxc8 Qxc8 27.
Re4 Qc7 28. Rc1 Qa5 29. Rc2 Qd8 30. Rec4 h5 31. h4 Kg7 32. g3 g5 33. hxg5 Qxg5
34. Rxc5 Qg6 35. R2c4 Qb1+ 36. Kg2 Qxa2 37. b4 Kg6 38. Rf4 Qe6 39. Kh2 f6 40.
Rc3 Qd6 41. Ra3 Qb6 42. Kg1 Qd6 43. Ra5 Qe6 44. Rh4 Qe1+ 45. Kg2 Qe6 46. Ra3
Qd5+ 47. Rf3 a5 48. bxa5 Qxa5 49. Rhf4 Qd2 50. Rxf6+ Kg7 51. Rf7+ Kg8 52. R7f5
h4 53. R3f4 1-0

[Event "Skopje MKD"]
[Site "Skopje MKD"]
[Date "2014.03.29"]
[Round "1.29"]
[White "Balokas, Dimitrios"]
[Black "Kuljasevic, Davorin"]
[Result "0-1"]
[WhiteElo "2085"]
[BlackElo "2567"]
[PlyCount "54"]
[EventDate "2014.03.29"]
[EventType "swiss"]
[EventRounds "9"]

1. e4 e5 2. Nf3 Nc6 3. Nc3 Nf6 4. Bb5 Bd6 5. a3 Nd4 6. Bc4 c6 7. d3 Bc7 8. Nxd4
exd4 9. Ne2 O-O 10. Bg5 h6 11. Bh4 Re8 12. Qd2 Qe7 13. Bxf6 Qxf6 14. O-O-O d5
15. exd5 cxd5 16. Bxd5 Rxe2 17. Bxf7+ Qxf7 18. Qxe2 Bd7 19. Kb1 Re8 20. Qd2 Qd5
21. Qb4 Be6 22. Qc4 Qd7 23. Qc5 Bb6 24. Qb4 Qd5 25. b3 Ba5 26. Qc4 Qd7 27. Qc5
b6 0-1

[Event "Skopje MKD"]
[Site "Skopje MKD"]
[Date "2014.03.29"]
[Round "1.30"]
[White "Damljanovic, Branko"]
[Black "Arizanov, Tome"]
[Result "1-0"]
[WhiteElo "2566"]
[BlackElo "2078"]
[PlyCount "49"]
[EventDate "2014.03.29"]
[EventType "swiss"]
[EventRounds "9"]

1. d4 Nf6 2. c4 g6 3. Nc3 Bg7 4. e4 d6 5. Nf3 O-O 6. h3 b6 7. Bd3 Na6 8. O-O c5
9. d5 Nc7 10. Bg5 Nfe8 11. Qd2 f6 12. Be3 a6 13. a4 Rb8 14. Rab1 Bd7 15. b4 e5
16. a5 cxb4 17. Rxb4 bxa5 18. Rxb8 Qxb8 19. Rb1 Qc8 20. Qa2 f5 21. Bf1 fxe4 22.
Nd2 Nf6 23. Qxa5 Nh5 24. Ncxe4 Ne8 25. Rb6 1-0

[Event "Skopje MKD"]
[Site "Skopje MKD"]
[Date "2014.03.29"]
[Round "1.31"]
[White "Velikic, Adela"]
[Black "Anton Guijarro, David"]
[Result "0-1"]
[WhiteElo "2078"]
[BlackElo "2559"]
[PlyCount "56"]
[EventDate "2014.03.29"]
[EventType "swiss"]
[EventRounds "9"]

1. e4 c5 2. Nf3 Nc6 3. d4 cxd4 4. Nxd4 e5 5. Nb5 d6 6. c4 Be7 7. N1c3 a6 8. Na3
Nf6 9. Be2 Be6 10. O-O Rc8 11. Be3 O-O 12. Rc1 Ne8 13. Qd2 h6 14. Rfd1 Bg5 15.
Bxg5 hxg5 16. Nc2 Qf6 17. Nd5 Qh6 18. b4 Qh4 19. Qe3 Kh7 20. Qb6 Rh8 21. Nce3
Nd4 22. Bd3 Kg8 23. Nf1 g4 24. Qxb7 Nf3+ 25. gxf3 gxf3 26. Nde3 Nf6 27. c5 Ng4
28. cxd6 Qxf2+ 0-1

[Event "Skopje MKD"]
[Site "Skopje MKD"]
[Date "2014.03.29"]
[Round "1.32"]
[White "Salem, Aylem"]
[Black "Logallo, Claudio"]
[Result "1-0"]
[WhiteElo "2558"]
[BlackElo "2074"]
[PlyCount "56"]
[EventDate "2014.03.29"]
[EventType "swiss"]
[EventRounds "9"]

1. d4 Nf6 2. c4 g6 3. Nc3 Bg7 4. e4 d6 5. f3 O-O 6. Be3 Nc6 7. Nge2 a6 8. Qd2
Rb8 9. Rc1 e6 10. g3 Ne8 11. h4 f5 12. h5 Nf6 13. hxg6 hxg6 14. Bh6 Qe7 15.
exf5 exf5 16. Nd5 Nxd5 17. Bxg7 Qxg7 18. cxd5 Nd8 19. Nf4 b5 20. Rc2 g5 21. Nh5
Qe7+ 22. Kd1 Rf7 23. Rxc7 Qxc7 24. Qxg5+ Kf8 25. Nf4 Ke8 26. Bd3 Bb7 27. Re1+
Ne6 28. Nxe6 Qc8 1-0